000 00778nam a2200205 4500
008 180105b xxu||||| |||| 00| 0 eng d
020 _a0133168948
082 _21988
_aDC 322.0973
_bH39
100 _925549
_aHenning, Charles N., author.
245 _aFinancial markets and the economy /
_cCharles N. Henning, William Pigott, Robert Haney Scott.
250 _aFifth edition.
260 _aEnglewood Cliffs, N.J. :
_bPrentice Hall,
_c©1988.
300 _axvi, 638 pages :
_billustrations ;
_c25 cm.
500 _aIncludes bibliographies and index.
650 0 _925550
_aFinance
_xUnited States
650 0 _925551
_aFinancial institutions
_zUnited States
700 _925552
_aPigott, William, author.
700 _925553
_a Scott, Robert Haney, author.
942 _2ddc
_cDC
999 _c8258
_d8258